Detalles MARC
| 000 -CABECERA |
| campo de control de longitud fija |
03198nam a2200349 a 4500 |
| 001 - NÚMERO DE CONTROL |
| campo de control |
000005851 |
| 003 - IDENTIFICADOR DEL NÚMERO DE CONTROL |
| campo de control |
DO-SdBNP |
| 005 - FECHA Y HORA DE LA ÚLTIMA TRANSACCIÓN |
| campo de control |
20260401182423.0 |
| 007 - CAMPO FIJO DE DESCRIPCIÓN FÍSICA--INFORMACIÓN GENERAL |
| campo de control de longitud fija |
ta |
| 008 - DATOS DE LONGITUD FIJA--INFORMACIÓN GENERAL |
| campo de control de longitud fija |
090824s2003 dr 000 0 spa d |
| 020 ## - NÚMERO INTERNACIONAL ESTÁNDAR DEL LIBRO |
| Número Internacional Estándar del Libro |
9993486558 |
| 040 ## - FUENTE DE LA CATALOGACIÓN |
| Centro catalogador/agencia de origen |
DO-SdBNP |
| Lengua de catalogación |
spa |
| Centro/agencia transcriptor |
BNPHU |
| 082 #4 - NÚMERO DE LA CLASIFICACIÓN DECIMAL DEWEY |
| Número de clasificación |
344.729302 |
| Número de documento/Ítem |
R426L, 2003 |
| Número de edición |
22 |
| 110 1# - ENTRADA PRINCIPAL--NOMBRE DE ENTIDAD CORPORATIVA |
| Nombre de entidad corporativa o nombre de jurisdicción como elemento de entrada |
República Dominicana. |
| 9 (RLIN) |
447 |
| 240 ## - TÍTULO UNIFORME |
| Título uniforme |
[Leyes, etc.] |
| 245 10 - MENCIÓN DE TÍTULO |
| Título |
Ley de seguridad social ;Ley general de salud ; Leyes incorporadas ; Ley que crea el Colegio Médico Dominicano / |
| Mención de responsabilidad, etc. |
edición y recopilación, Víctor Suero C. |
| 246 ## - FORMA VARIANTE DE TÍTULO |
| Título propio/Titulo breve |
Ley general de salud |
| 246 ## - FORMA VARIANTE DE TÍTULO |
| Título propio/Titulo breve |
Leyes incorporadas |
| 246 ## - FORMA VARIANTE DE TÍTULO |
| Título propio/Titulo breve |
Ley que crea el Colegio Médico Dominicano |
| 260 ## - PUBLICACIÓN, DISTRIBUCIÓN, ETC. |
| Lugar de publicación, distribución, etc. |
Santo Domingo |
| Fabricante |
Punto Mágico |
| Fecha de publicación, distribución, etc. |
2003. |
| 300 ## - DESCRIPCIÓN FÍSICA |
| Extensión |
407 p. ; |
| Dimensiones |
21 cm. |
| 500 ## - NOTA GENERAL |
| Nota general |
Incluye datos biográficos del recopilador en la solapa de la contracubierta. |
| 505 2# - NOTA DE CONTENIDO CON FORMATO |
| Nota de contenido con formato |
Introducción -- |
| Título |
Ley que crea el Sistema Dominicano de Seguridad Social -- |
| -- |
Ley general de salud -- |
| -- |
Ley no. 329-98 que regula los trasplantes de órganos y tejidos humanos, del 11 de agosto de 1998 -- |
| -- |
Ley no. 8-95, sobre lactancia materna, del 19 de septiembre de 1995 -- |
| -- |
Ley no. 14-94 que crea código para protección de niños, niñas y adolescentes, del 22 de abril de 1994 -- |
| -- |
Ley no. 55-93 sobre el síndrome de inmunodeficiencia adquirida (SIDA) , del 31 de diciembre de 1993 -- |
| -- |
Ley no. 50-88 sobre el control de drogas y sustancias controladas de la Rep. Dom., del 30 de mayo de 1988 -- |
| -- |
Ley no. 311-68 que regula la fabricación, elaboración, envase, almacenamiento, importación, expendio y comercio en cualquier forma de insecticidas zoocidas, fitocidas, pesticidas, herbicidas y productos similares, del 24 de mayo de 1968 -- |
| -- |
Ley no. 136-80 que declara que es obligatoria a practica de la autopsia judicial en la instrucción preparatoria del proceso penal, del 23 de mayo de 1980 -- |
| -- |
Ley no. 6097 de organización del cuerpo médico de los hospitales -- |
| -- |
Ley no. 146 sobre pasantía de médicos recién graduados, del 11 de mayo de 1967, modificada por la ley 478, del 18 de enero de 1973 -- |
| -- |
Ley no. 4378 orgánica de Secretarías de Estado, del 10 de enero de 1973 -- |
| -- |
Ley no. 175 que denomina Secretaria de Estado de Salud Pública y Asistencia Social (SESPAS)¨, la actual Secretaría de <br/>Estado de Salud y Provisión Social, del 22 de agosto de 1967 -- |
| -- |
Ley 41498 que modifica el artículo sobre Organización del Cuerpo de Médicos de los Hospitales, del 22 de agosto de 1998 -- |
| -- |
Ley no. 393 que regula la expedición de certificados de exámenes médicos, del 4 de septiembre de 1964 -- |
| -- |
Reglamento no. 804 para los Tribunales Disciplinados de Apelación del Cuerpo Médico de los Hospitales, del 4 de marzo de 1966 -- |
| -- |
Ley 68-03 que crea el Colegio Médico Dominicano . |
| 590 ## - NOTA LOCAL (RLIN) |
| Nota local |
Inventariado, 2023/MFF |
| 610 24 - PUNTO DE ACCESO ADICIONAL DE MATERIA--NOMBRE DE ENTIDAD CORPORATIVA |
| Nombre de entidad corporativa o nombre de jurisdicción como elemento de entrada |
Colegio Médico Dominicano |
| Subdivisión general |
Historia |
| 9 (RLIN) |
83170 |
| 650 #0 - PUNTO DE ACCESO ADICIONAL DE MATERIA--TÉRMINO DE MATERIA |
| Término de materia o nombre geográfico como elemento de entrada |
Seguridad social |
| Subdivisión general |
Leyes y legislación |
| Subdivisión geográfica |
República Dominicana |
| 9 (RLIN) |
11764 |
| 650 #4 - PUNTO DE ACCESO ADICIONAL DE MATERIA--TÉRMINO DE MATERIA |
| Término de materia o nombre geográfico como elemento de entrada |
Seguros de salud |
| Subdivisión general |
Legislación |
| 9 (RLIN) |
16512 |
| 650 #4 - PUNTO DE ACCESO ADICIONAL DE MATERIA--TÉRMINO DE MATERIA |
| Término de materia o nombre geográfico como elemento de entrada |
Salud pública |
| Subdivisión general |
Legislación |
| 9 (RLIN) |
16513 |
| 700 1# - PUNTO DE ACCESO ADICIONAL--NOMBRE DE PERSONA |
| Nombre de persona |
Suero C., Víctor, |
| Término indicativo de función/relación |
ed. |
| 9 (RLIN) |
16514 |
| 910 ## - DATOS DE OPCIÓN DEL USUARIO (OCLC) |
| Datos de opción del usuario |
Validado. Control de calidad MFF |
| 942 ## - ELEMENTOS DE PUNTO DE ACCESO ADICIONAL (KOHA) |
| Fuente del sistema de clasificación o colocación |
Dewey Decimal Classification |
| Tipo de ítem Koha |
Libro |